| 000 | 00509nam a2200145Ia 4500 | ||
|---|---|---|---|
| 008 | 170221s9999 xx 000 0 und d | ||
| 100 | _aZainurin Bin Dahari | ||
| 245 | _aCan Price Sway Children Preference? Preliminary Experiment among Malay Children. | ||
| 245 | _cZainurin Bin Dahari, Husam A. Kokash, Fadilah Sulaiman | ||
| 260 | _bInternational Review of Management and Marketing | ||
| 260 | _c2017 | ||
| 300 | _a7 : 1 | ||
| 650 | _xMarketing. | ||
| 856 | _uhttp://www.econjournals.com/index.php/irmm | ||
| 999 |
_c308002 _d308002 |
||